[Event "SERBIA CHESS OPEN 2021 – MASTERS"]
[Site "Belgrade, Hotel Metropol"]
[Date "2021.07.06"]
[Round "6.130"]
[White "Herega, Nejc"]
[Black "Ojas, Kulkarni"]
[Result "1/2-1/2"]
[WhiteElo "2099"]
[BlackElo "2216"]
[PlyCount "157"]
[EventDate "2021.??.??"]

1. d4 Nf6 2. c4 b6 3. Nc3 Bb7 4. Bg5 d6 5. Bxf6 exf6 6. e3 Nd7 7. Nf3 g6 8. g3
Bg7 9. Bg2 f5 10. O-O O-O 11. Qc2 Nf6 12. Rac1 Re8 13. Rfd1 Qe7 14. Nd2 Bxg2
15. Kxg2 h5 16. Nd5 Qd7 17. Nxf6+ Bxf6 18. c5 dxc5 19. dxc5 Qd5+ 20. Nf3 Qxa2
21. cxb6 cxb6 22. b4 Qxc2 23. Rxc2 a5 24. bxa5 bxa5 25. Ra2 a4 26. Rd3 Ra6 27.
Nd2 Rd8 28. Rxd8+ Bxd8 29. Nc4 Be7 30. Kf3 Kg7 31. e4 Kf6 32. h3 Bc5 33. exf5
Kxf5 34. g4+ hxg4+ 35. hxg4+ Ke6 36. Ke4 a3 37. Kd3 Kd5 38. Kc3 Bd4+ 39. Kd3
Ra4 40. Nxa3 Bc5 41. Nb5 Rxa2 42. Nc3+ Ke5 43. Nxa2 Bxf2 44. Ke2 Bc5 45. Kf3
Kd4 46. Nc1 Bd6 47. Ne2+ Kd3 48. Nc1+ Kd2 49. Nb3+ Kc3 50. Nc1 Kc2 51. Ne2 Kd2
52. Ng1 Bh2 53. Nh3 f6 54. Ke4 Bg3 55. Kf3 Bc7 56. Nf2 Be5 57. Ne4+ Kd3 58.
Nc5+ Kc4 59. Ne4 Kd4 60. Nf2 Kd5 61. Nd3 Bc7 62. Ke3 Bd6 63. Kf3 Kd4 64. Nf2
Bb4 65. Ne4 Ke5 66. Nf2 Bd2 67. Ne4 Bh6 68. Nf2 Bd2 69. Ne4 Bh6 70. Nf2 Kd4 71.
Ne4 Bg5 72. Ng3 Bh4 73. Ne2+ Ke5 74. Nf4 g5 75. Ng2 f5 76. gxf5 Kxf5 77. Nxh4+
gxh4 78. Kg2 h3+ 79. Kxh3 1/2-1/2

[Event "SERBIA CHESS OPEN 2021 – MASTERS"]
[Site "Belgrade, Hotel Metropol"]
[Date "2021.07.06"]
[Round "6.131"]
[White "Kovacevic, Radmila"]
[Black "Dimitrov, Vladimir"]
[Result "1/2-1/2"]
[WhiteElo "2093"]
[BlackElo "2314"]
[PlyCount "71"]
[EventDate "2021.??.??"]

1. e4 c5 2. Nf3 e6 3. c3 d5 4. exd5 Qxd5 5. Na3 Nf6 6. d4 Nc6 7. Nb5 Qd8 8.
dxc5 Bxc5 9. Qxd8+ Kxd8 10. Bg5 a6 11. Nbd4 Bd7 12. Nxc6+ Bxc6 13. Ne5 Be8 14.
Be2 h6 15. Bh4 g5 16. Nd3 Be7 17. Bg3 Ne4 18. Be5 f6 19. Bd4 Kc7 20. f3 Nd6 21.
O-O-O Bf7 22. Bf2 Rad8 23. Bg3 e5 24. b3 Bg6 25. Kb2 Nf5 26. Nxe5 fxe5 27.
Bxe5+ Nd6 28. Bxh8 Rxh8 29. Rhe1 Bf8 30. Bd3 Be8 31. a4 a5 32. Re5 b6 33. Kc2
Bd7 34. Bb5 Nxb5 35. axb5 Rh7 36. h3 1/2-1/2

[Event "SERBIA CHESS OPEN 2021 – MASTERS"]
[Site "Belgrade, Hotel Metropol"]
[Date "2021.07.06"]
[Round "6.132"]
[White "Martic, Ivan"]
[Black "Terryn, Ezra"]
[Result "1-0"]
[WhiteElo "2314"]
[BlackElo "2184"]
[PlyCount "91"]
[EventDate "2021.??.??"]

1. d4 c5 2. d5 g6 3. e4 Bg7 4. Nf3 d6 5. Bb5+ Bd7 6. a4 a6 7. Be2 Bg4 8. O-O b6
9. c3 Nf6 10. h3 Bxf3 11. Bxf3 O-O 12. Re1 Nbd7 13. Qc2 Ne8 14. Bg5 Nc7 15. Be2
Re8 16. Ra2 b5 17. b4 c4 18. a5 Qb8 19. Nd2 Qb7 20. Raa1 Rac8 21. Rad1 e6 22.
dxe6 Nxe6 23. Be3 Ne5 24. Rc1 d5 25. Bf1 Red8 26. f4 Nd3 27. Bxd3 cxd3 28. Qxd3
d4 29. cxd4 Nxd4 30. Rxc8 Qxc8 31. Qb1 Qc3 32. Nf1 Nb3 33. e5 Bf8 34. Re2 Bxb4
35. Rb2 Rd3 36. Rc2 Rxe3 37. Rxc3 Rxc3 38. Qe4 Bxa5 39. e6 fxe6 40. Qxe6+ Kg7
41. Qxa6 b4 42. Ne3 Bd8 43. Qb7+ Kg8 44. Qd5+ Kg7 45. Qd7+ Kh6 46. Ng4+ 1-0

[Event "SERBIA CHESS OPEN 2021 – MASTERS"]
[Site "Belgrade, Hotel Metropol"]
[Date "2021.07.06"]
[Round "6.133"]
[White "Ozdemir, Serhan Berat"]
[Black "Kruckenhauser, Arthur"]
[Result "1/2-1/2"]
[WhiteElo "2191"]
[BlackElo "2283"]
[PlyCount "81"]
[EventDate "2021.??.??"]

1. e4 c5 2. Nf3 d6 3. d4 cxd4 4. Nxd4 Nf6 5. Nc3 g6 6. Be3 Bg7 7. f3 O-O 8. Qd2
Nc6 9. Bc4 Bd7 10. O-O-O Rc8 11. Bb3 Nxd4 12. Bxd4 b5 13. Nd5 Nxd5 14. Bxg7
Kxg7 15. exd5 a5 16. a3 Qb6 17. g4 h5 18. Qf4 a4 19. Ba2 Qf2 20. Rd2 Qh4 21.
Rg1 Qf6 22. Qe3 h4 23. g5 Qe5 24. Qxe5+ dxe5 25. Re1 f6 26. f4 Bf5 27. c3 exf4
28. Rxe7+ Rf7 29. d6 Rxe7 30. dxe7 f3 31. Bd5 Re8 32. gxf6+ Kxf6 33. Bxf3 Rxe7
34. Re2 g5 35. Kd2 Rxe2+ 36. Bxe2 Bd7 37. Ke3 Ke5 38. c4 bxc4 39. Bxc4 g4 40.
b3 Bc6 41. Kf2 1/2-1/2

[Event "SERBIA CHESS OPEN 2021 – MASTERS"]
[Site "Belgrade, Hotel Metropol"]
[Date "2021.07.06"]
[Round "6.134"]
[White "Velickovic, Sasa"]
[Black "Djukic, Sandra"]
[Result "1-0"]
[WhiteElo "2281"]
[BlackElo "2172"]
[PlyCount "101"]
[EventDate "2021.??.??"]

1. e4 c6 2. d4 d5 3. exd5 cxd5 4. Bd3 Nc6 5. c3 Nf6 6. h3 g6 7. Bf4 Bf5 8. Ne2
e6 9. Qc2 Bd6 10. Nd2 Bxf4 11. Nxf4 Qc7 12. Ne2 O-O-O 13. g4 Bxd3 14. Qxd3 h5
15. Qf3 Ne8 16. O-O-O Nd6 17. Kb1 Kb8 18. Nf4 h4 19. Nd3 Ka8 20. Rhe1 b5 21.
Qf4 Rc8 22. Rc1 Nc4 23. Qxc7 Nxd2+ 24. Kc2 Rxc7 25. Kxd2 a5 26. f4 Kb7 27. a3
Kb6 28. Rf1 Ne7 29. Rce1 Rhc8 30. Re5 Nc6 31. Ree1 b4 32. f5 exf5 33. gxf5 g5
34. f6 bxc3+ 35. bxc3 Nd8 36. Rb1+ Ka7 37. Rb5 Rxc3 38. Rxa5+ Kb6 39. Rxd5 Rxa3
40. Rb1+ Ka7 41. Nc5 g4 42. hxg4 h3 43. Ke2 h2 44. Kf2 Ra2+ 45. Kg3 Nc6 46. Ne4
Rb8 47. Rh1 Rb3+ 48. Kf4 Rd3 49. Rd7+ Kb6 50. Rb1+ Ka5 51. Rd5+ 1-0

[Event "SERBIA CHESS OPEN 2021 – MASTERS"]
[Site "Belgrade, Hotel Metropol"]
[Date "2021.07.06"]
[Round "6.135"]
[White "Srdanovic, Jovana"]
[Black "Defromont, Benjamin"]
[Result "0-1"]
[WhiteElo "2126"]
[BlackElo "2246"]
[PlyCount "66"]
[EventDate "2021.??.??"]

1. d4 Nf6 2. c4 e5 3. dxe5 Ng4 4. Nf3 Bc5 5. e3 Nc6 6. Nc3 O-O 7. a3 a5 8. Ne4
Ba7 9. b3 Ncxe5 10. Bb2 d6 11. Nxe5 Nxe5 12. Ng3 Be6 13. Qc2 Qh4 14. Bxe5 dxe5
15. Bd3 f5 16. c5 f4 17. exf4 exf4 18. Ne4 f3 19. g3 Qh6 20. h4 Qh5 21. Kf1 h6
22. Re1 Rae8 23. b4 Kh8 24. Nd2 Bd5 25. Rxe8 Qxe8 26. Nc4 Bxc4 27. Bxc4 Qe5 28.
Kg1 c6 29. Kh2 Rd8 30. Rd1 Rd4 31. Rxd4 Qxd4 32. Ba2 Bb8 33. Kh1 Qg4 0-1

[Event "SERBIA CHESS OPEN 2021 – MASTERS"]
[Site "Belgrade, Hotel Metropol"]
[Date "2021.07.06"]
[Round "6.136"]
[White "Tyurin, Artem"]
[Black "Grezels, Florian"]
[Result "1/2-1/2"]
[WhiteElo "2106"]
[BlackElo "2219"]
[PlyCount "62"]
[EventDate "2021.??.??"]

1. c4 Nf6 2. Nc3 c5 3. Nf3 d5 4. cxd5 Nxd5 5. e3 e6 6. Nxd5 Qxd5 7. b3 Be7 8.
Bb2 O-O 9. Bc4 Qd6 10. Qc2 Nc6 11. h4 Bd7 12. a3 e5 13. Ng5 Qg6 14. Bd3 f5 15.
f4 exf4 16. exf4 Bf6 17. O-O-O Bxb2+ 18. Qxb2 Nd4 19. h5 Qf6 20. Bc4+ Kh8 21.
h6 gxh6 22. Nf3 Nxf3 23. Rxh6 Qxb2+ 24. Kxb2 Nxd2 25. Rxd2 Bc6 26. g3 Rae8 27.
Rdh2 Re7 28. Rd2 Kg7 29. Rdh2 Kh8 30. Rd2 Kg7 31. Rdh2 Kh8 1/2-1/2

[Event "SERBIA CHESS OPEN 2021 – MASTERS"]
[Site "Belgrade, Hotel Metropol"]
[Date "2021.07.06"]
[Round "6.137"]
[White "Papadopoulos, Panayotis"]
[Black "Demchenko, Svitlana"]
[Result "1-0"]
[WhiteElo "2216"]
[BlackElo "2089"]
[PlyCount "91"]
[EventDate "2021.??.??"]

1. d4 Nf6 2. Nf3 g6 3. g3 Bg7 4. Bg2 O-O 5. O-O d6 6. Re1 Nbd7 7. e4 e5 8. Nc3
exd4 9. Nxd4 Re8 10. a4 Nc5 11. h3 Bd7 12. Kh2 Re5 13. f3 Kh8 14. Bf4 Re8 15.
Qd2 Ne6 16. Nxe6 Bxe6 17. Rad1 Qd7 18. Bh6 Ng8 19. Bxg7+ Kxg7 20. Qd4+ f6 21.
f4 Qf7 22. e5 dxe5 23. fxe5 f5 24. Nd5 c6 25. Nf4 g5 26. Nxe6+ Rxe6 27. Bf1 f4
28. Bc4 fxg3+ 29. Kxg3 Qf4+ 30. Qxf4 gxf4+ 31. Kxf4 Rf8+ 32. Ke4 Rh6 33. Rg1+
Kh8 34. Rxg8+ Rxg8 35. Bxg8 Kxg8 36. Rd8+ Kf7 37. Rd7+ Ke8 38. Rxb7 Rh4+ 39.
Kf5 Rh5+ 40. Kf6 Rh6+ 41. Kg5 Rxh3 42. Rxa7 h5 43. a5 Re3 44. Kf6 h4 45. a6 h3
46. Rh7 1-0

[Event "SERBIA CHESS OPEN 2021 – MASTERS"]
[Site "Belgrade, Hotel Metropol"]
[Date "2021.07.06"]
[Round "6.138"]
[White "Jandric, Damjan"]
[Black "Shoshin, Kirill"]
[Result "1/2-1/2"]
[WhiteElo "2202"]
[BlackElo "2001"]
[PlyCount "107"]
[EventDate "2021.??.??"]

1. e4 c6 2. Nf3 d5 3. Nc3 dxe4 4. Nxe4 Nf6 5. Qe2 Nxe4 6. Qxe4 Qd5 7. Qf4 Qf5
8. Qe3 Qe6 9. d4 Qxe3+ 10. Bxe3 Bf5 11. O-O-O e6 12. Nh4 Bg4 13. f3 Bh5 14. g4
Bg6 15. Nxg6 hxg6 16. h4 Be7 17. Bd3 Nd7 18. Rh2 O-O-O 19. Rdh1 Nf6 20. h5 gxh5
21. gxh5 Rd5 22. h6 g6 23. c4 Rh5 24. Rxh5 Nxh5 25. Be4 Bf8 26. d5 exd5 27.
cxd5 Kc7 28. dxc6 bxc6 29. Kd2 Bxh6 30. Rc1 Rd8+ 31. Ke2 Ng3+ 32. Kf2 Nxe4+ 33.
fxe4 Bxe3+ 34. Kxe3 Kd6 35. Rd1+ Ke7 36. Rc1 Rd6 37. Rc5 f6 38. Ra5 Rd7 39. Rc5
Kd6 40. Rc2 Rh7 41. Rg2 Rh6 42. Re2 Rh3+ 43. Kd4 Rh4 44. Ke3 Rh1 45. Rg2 Rh3+
46. Kd4 Rh6 47. b4 g5 48. Rf2 g4 49. Ke3 g3 50. Rg2 Rh2 51. Rxg3 Rxa2 52. Rg7
Ra4 53. Rb7 Ra1 54. Rf7 1/2-1/2

[Event "SERBIA CHESS OPEN 2021 – MASTERS"]
[Site "Belgrade, Hotel Metropol"]
[Date "2021.07.06"]
[Round "6.139"]
[White "Stojkovic, Nenad P"]
[Black "Vulinovic, Radivoje"]
[Result "0-1"]
[WhiteElo "2081"]
[BlackElo "2201"]
[PlyCount "102"]
[EventDate "2021.??.??"]

1. d4 d5 2. Nf3 Nf6 3. g3 e6 4. Bg2 Be7 5. c4 O-O 6. O-O dxc4 7. Ne5 Nc6 8.
Nxc6 bxc6 9. e3 Nd5 10. Qa4 Nb6 11. Qc2 Qd7 12. Rd1 Rb8 13. Nd2 Ba6 14. b3 c3
15. Qxc3 Nd5 16. Qc2 Nb4 17. Qc3 c5 18. Ne4 cxd4 19. Rxd4 Nd5 20. Qa5 Qc8 21.
Nc5 Bb5 22. Ne4 f5 23. Bh3 Bc6 24. Nc3 Nxc3 25. Qxc3 Ba8 26. Bb2 Qb7 27. e4 Bf6
28. Qc4 Bxd4 29. Qxd4 Rf7 30. Qe5 Qxe4 31. Qxe4 Bxe4 32. Rd1 Bd5 33. Bf1 c6 34.
Rc1 Rd7 35. Rc5 Rbd8 36. Bc3 Be4 37. Ba5 Rb8 38. Be2 Rd5 39. Rxd5 Bxd5 40. f3
e5 41. Kf2 e4 42. f4 c5 43. Ke3 Kf8 44. Bc7 Rc8 45. Bd6+ Kf7 46. Be5 g6 47. Ba6
Re8 48. Kd2 Rxe5 49. fxe5 Ke6 50. Bb5 Kxe5 51. h4 h6 0-1

[Event "SERBIA CHESS OPEN 2021 – MASTERS"]
[Site "Belgrade, Hotel Metropol"]
[Date "2021.07.06"]
[Round "6.140"]
[White "Rozman, Monika"]
[Black "Gregoric, Andraz"]
[Result "1/2-1/2"]
[WhiteElo "2151"]
[BlackElo "2107"]
[PlyCount "100"]
[EventDate "2021.??.??"]

1. e4 e5 2. Nf3 Nc6 3. Bc4 Bc5 4. c3 Nf6 5. d3 d6 6. Nbd2 O-O 7. Bb3 h6 8. Nf1
d5 9. Qe2 dxe4 10. dxe4 Nh5 11. Bd2 Nf4 12. Bxf4 exf4 13. N1d2 Qe7 14. O-O Bg4
15. h3 Bh5 16. Qb5 Rad8 17. Qxb7 Ne5 18. Bd1 Nxf3+ 19. Nxf3 Bxf3 20. Bxf3 Rb8
21. Qa6 Rxb2 22. Rad1 Bb6 23. Qc4 Qa3 24. e5 Qxa2 25. Qxf4 Rxf2 26. Rxf2 Qxf2+
27. Kh2 h5 28. Qe4 h4 29. Be2 Qe3 30. Qxe3 Bxe3 31. g3 hxg3+ 32. Kxg3 Re8 33.
Bc4 Rxe5 34. Rd8+ Kh7 35. Bxf7 Rg5+ 36. Kf3 Rf5+ 37. Kxe3 Rxf7 38. Ra8 c6 39.
Kd4 Rf3 40. Rxa7 Rxh3 41. Rc7 Rh6 42. Kc5 Kg8 43. Rxc6 Rxc6+ 44. Kxc6 Kf7 45.
Kd5 Ke7 46. Ke5 Kd7 47. Kf5 Kc6 48. Kg6 Kc5 49. Kxg7 Kc4 50. Kf6 Kxc3 1/2-1/2

[Event "SERBIA CHESS OPEN 2021 – MASTERS"]
[Site "Belgrade, Hotel Metropol"]
[Date "2021.07.06"]
[Round "6.141"]
[White "Teuschler, Barbara"]
[Black "Katic, Goran"]
[Result "1-0"]
[WhiteElo "2148"]
[BlackElo "1963"]
[PlyCount "75"]
[EventDate "2021.??.??"]

1. e4 c6 2. d4 d5 3. Nc3 a6 4. a4 dxe4 5. Nxe4 Nf6 6. Nxf6+ exf6 7. Nf3 Bd6 8.
Be2 O-O 9. O-O Re8 10. Be3 Nd7 11. c4 Nf8 12. Qd3 Ng6 13. Rfd1 a5 14. d5 c5 15.
h3 Bd7 16. Qc2 Qc8 17. Bf1 Ne5 18. Ne1 Ng6 19. Qc1 f5 20. Nf3 f4 21. Bd2 Qc7
22. Qc2 Ne5 23. Ng5 f5 24. Bxf4 h6 25. Bxe5 Bxe5 26. Nf3 Bd6 27. Bd3 Rf8 28.
Re1 Rf6 29. Qc3 Re8 30. b3 b6 31. Rxe8+ Bxe8 32. Re1 Bh5 33. Ne5 f4 34. Bc2 Kf8
35. Ng4 Bxg4 36. hxg4 Rf7 37. Bf5 Re7 38. Be6 1-0

[Event "SERBIA CHESS OPEN 2021 – MASTERS"]
[Site "Belgrade, Hotel Metropol"]
[Date "2021.07.06"]
[Round "6.142"]
[White "Garabetyan, Arno"]
[Black "Korkmaz, Necmettin"]
[Result "0-1"]
[WhiteElo "2096"]
[BlackElo "2101"]
[PlyCount "60"]
[EventDate "2021.??.??"]

1. d4 d5 2. c4 c6 3. Nc3 Nf6 4. e3 e6 5. b3 Bb4 6. Bb2 Ne4 7. Qc2 f5 8. Bd3 Nd7
9. Nge2 Qh4 10. O-O Ndf6 11. f3 Bd6 12. g3 Qh6 13. Qc1 O-O 14. Bxe4 fxe4 15. f4
Ng4 16. h4 Bd7 17. Kg2 Be8 18. Ng1 Bh5 19. Nd1 Qg6 20. Nf2 Nh6 21. Kh2 Nf5 22.
Nh1 Bg4 23. Qe1 Qh5 24. Nh3 h6 25. N1f2 Be2 26. Bc1 Bb4 27. Qxb4 Bxf1 28. g4
Qxh4 29. gxf5 Rxf5 30. Qxb7 Bxh3 0-1